Quiz sur la musique francophone VOL10 - Statistiques

Statistiques générales
  • Ce quiz a été pris 25 fois
  • Le résultat moyen est 6 sur 15
Statistiques - réponses
Question Réponse % Correct
De quelle chanson sont extraites les paroles suivantes : C'est pas marqué dans les livres Que le plus important à vivre Est de vivre au jour le jour Le temps (c'est de l'amour) C'est de l'amour "Lucie" de Pascal Obispo
85%
Complète les paroles de "Beau-papa" de Vianney : Et si l'averse Nous touche toi et moi On la traverse à deux à trois Et si l'averse Nous touche toi et moi Prends ma main de beau-papa
75%
Qui est à l'origine du titre "Prayer in C" qui a connu un succès international dans sa version remixée par Robin Schulz en 2014? Lilly Wood and the Prick
70%
Quel artiste francophone n'est pas de nationalité belge? Dany Brillant
65%
Comment se sont connus les 2 membres du groupe Fréro Delavega Ils étaient tous les deux sauveteurs en mer et étudiants STAPS
45%
Qui a partagé le duo "Les meilleurs ennemis"? Zazie & Pascal Obispo
45%
Qui n'a pas été candidat à la Star Academy?
40%
Dans quel groupe jouait Santa avant de lancer sa carrière en solo? Hyphen Hyphen
40%
Quel album francophone s'est le + vendu en France en 2025? Gims "Le Nord se souvient"
35%
Quel compositeur a lancé la carrière de Liane Foly? André Manoukian
30%
Qui a déjà formé ensemble un jury dans l'émission Popstars ? Louane, Alonzo & Eddy de Pretto
30%
Quel album d'Indochine est le + ancien?
25%
Qui n'a jamais sorti d'album éponyme? Francis Cabrel
20%
Quels sont les noms des albums de Laurent Voulzy? Le coeur grenadine / La septième vague / Lys & Love
20%
Comment s'appelle l'album de reprises de standarts de la chanson française sur des arrangements électroniques de Florent Pagny sorti en 1999? Récréation
20%
Aucun quiz correspondant
Distribution des résultats
% des personnes avec chaque résultat
Percentile par nombre de réponses
Votre historique - résultats
Vous n’avez pas pris ce quiz